Medical discourse in professional, academic and popular settings (Registro nro. 309111)
[ vista simple ]
| 000 -ENCABEZADO | |
|---|---|
| Número de control [NR] | 01054cam a2200289 i 4500 |
| 005 - FECHA Y HORA DE LA ÚLTIMA TRANSACCIÓN | |
| control field | 20250606112648.0 |
| 008 - DE LONGITUD FIJA DE DATOS DE ELEMENTOS - INFORMACIÓN GENERAL | |
| Elementos de longitud fija [NR] | 180309s2016 enk rb 001 0 eng d |
| 010 ## - NUMERO DE CONTROL DE LA BIBLIOTECA DEL CONGRESO (LC) [NR] | |
| Número de control LC [NR] | 2016022310 |
| 020 ## - NUMERO INTERNACIONAL NORMALIZADO PARA LIBROS [R] | |
| Número Internacional Normalizado del libro [NR] | 9781783096251 |
| 020 ## - NUMERO INTERNACIONAL NORMALIZADO PARA LIBROS [R] | |
| ISBN Cancelado/ Invalidado [R] | 9781783096275 (epub) |
| 020 ## - NUMERO INTERNACIONAL NORMALIZADO PARA LIBROS [R] | |
| ISBN Cancelado/ Invalidado [R] | 9781783096282 (kindle) |
| 040 ## - FUENTE DE CATALOGACION [NR] | |
| Agencia de catalogación original [NR] | CO-BoUCM |
| Idioma de catalogación [NR] | spa |
| Quien Cataloga | Sandra Palacio |
| Quien Clasifica | David Moreno (modificó) |
| 041 0# - CODIGO DE IDIOMA [R] | |
| Código de idioma para texto/pista de sonido o título separado [R] | Inglés |
| 060 ## - SIGNATURA TOPOGRAFICA DE LA BIBLIOTECA NACIONAL DE MEDICINA (NLM) [R] | |
| Número clasificador [R] | W 18 |
| 245 00 - MENCION DE TITULO [NR] | |
| Título [NR] | Medical discourse in professional, academic and popular settings |
| Mención de responsabilidad, etc. [NR] | editado por Pilar Ordóñez-López, Nuria Edo-Marzá |
| 260 ## - PUBLICACION, DISTRIBUCION, ETC. (PIE DE IMPRENTA) [R] | |
| Lugar de publicación, distribución, etc. [R] | Bristol (Inglaterra) |
| Nombre del editor, distribuidor, etc. [R] | Multilingual Matters |
| Fecha de publicación, distribución, etc. [R] | [2016] |
| 300 ## - DESCRIPCION FISICA [R] | |
| Extensión [R] | x, 209 páginas |
| 490 0# - MENCION DE SERIE [R] | |
| Mención de serie [R] | Language at work |
| Designación numérica/secuencial del volumen [NR] | 1 |
| 650 27 - ASIENTO SECUNDARIO DE MATERIA - TERMINO TEMATICO [R] | |
| Término temático o nombre geográfico como elemento de entrada [NR] | Medicina |
| Subdivisión general [R] | Lenguaje |
| -- | Educación |
| 9 (RLIN) | 7820 |
| 650 17 - ASIENTO SECUNDARIO DE MATERIA - TERMINO TEMATICO [R] | |
| Término temático o nombre geográfico como elemento de entrada [NR] | Comunicación en medicina |
| 9 (RLIN) | 11364 |
| 650 27 - ASIENTO SECUNDARIO DE MATERIA - TERMINO TEMATICO [R] | |
| Término temático o nombre geográfico como elemento de entrada [NR] | Análisis del discurso |
| 9 (RLIN) | 90 |
| 650 27 - ASIENTO SECUNDARIO DE MATERIA - TERMINO TEMATICO [R] | |
| Término temático o nombre geográfico como elemento de entrada [NR] | Sociolingüística |
| 9 (RLIN) | 24765 |
| 650 27 - ASIENTO SECUNDARIO DE MATERIA - TERMINO TEMATICO [R] | |
| Término temático o nombre geográfico como elemento de entrada [NR] | Divulgación médica |
| 9 (RLIN) | 185434 |
| 700 1# - ASIENTO SECUNDARIO - NOMBRE PERSONAL [R] | |
| Nombre personal [NR] | Ordóñez López, Pilar |
| Término de relación [R] | editor |
| 9 (RLIN) | 91710 |
| 700 1# - ASIENTO SECUNDARIO - NOMBRE PERSONAL [R] | |
| Nombre personal [NR] | Edo Marzá, Nuria |
| Término de relación [R] | editor |
| 9 (RLIN) | 91711 |
| 942 ## - ELEMENTOS DE ENTRADA AGREGADOS (KOHA) | |
| Sistema de clasificación | NLM |
| Tipo de ítem principal el descrito en 300a | Libro |
| Tema principal | Medicina |
| Edición | 1 |
| Clasificación | W 18 |
| Parte restante de la signatura top. | O65me |
| Título oculto en OPAC | No |
| Fecha de último préstamo | Total préstamos | Signatura topográfica | Código de barras | Última vez visto | Ejemplar | Costo de reposición | Price effective from | Tipo de ítem | Perdido | Sistema de clasificación | Dañado | No prestable | Tipo de ítem específico | Suprimido | Ubicación habitual | Ubicación actual | Localización | Fecha de creación | Proveedor | Forma de adquisición | Costo |
|---|---|---|---|---|---|---|---|---|---|---|---|---|---|---|---|---|---|---|---|---|---|
| 24/07/2018 | 1 | W 18 O65me | 100156630 | 12/12/2025 | Ej.1 | 296134.00 | 01/03/2018 | Libro | NLM | Libro | Quinta de Mutis | Quinta de Mutis | 1er piso | 01/03/2018 | 19 | Compra | 296134.00 |